Cliquez sur l'animal manquant - Fables de La Fontaine - Statistiques

Statistiques générales
  • Ce quiz a été pris 1 394 fois
  • Le résultat moyen est 8 sur 20
Statistiques - réponses
Hint Explanation Réponse % Correct
La ___ n'est pas prêteuse ; C'est là son moindre défaut La Cigale et la Fourmi Fourmi
87%
Une Grenouille vit un ___ qui lui sembla de belle taille La Grenouille qui se veut faire aussi grosse que le bœuf Bœuf
85%
La ___ au long bec n'en put attraper miette Le Renard et la Cigogne Cigogne
77%
Maître ___, par l'odeur alléché, lui tint à peu près ce langage Le Corbeau et le Renard Renard
72%
Le ___ de ville détale, Son camarade le suit Le Rat de ville et le Rat des champs Rat
67%
Un ___ se mirant autrefois louait la beauté de son bois Le Cerf se voyant dans l'eau Cerf
61%
Un ___ se désaltérait dans le courant d'une onde pure. Le Loup et l'Agneau Agneau
52%
Martin bâton accourt : l'___ change de ton. Ainsi finit la comédie L'Âne et le Petit Chien Âne
52%
L'___, très mauvais complimenteur, lui dit : « Viens-t'en me voir. » L'Ours et l'Amateur des jardins Ours
47%
Le ___ de sa part disait : Venez de grâce, Venez messieurs. Je fais cent tours de passe-passe Le Singe et le Léopard Singe
33%
Ce ___ fut pris dans des rets Le Lion et le Rat Lion
32%
Chemin faisant, il vit le col du ___ pelé Le Loup et le Chien Chien
28%
L’___en passant emporta toile, et tout, Et l’animal pendant au bout L'Araignée et l'Hirondelle Hirondelle
26%
Les Sages quelquefois, ainsi que l’___, Marchent à reculons, tournent le dos au port L'Écrevisse et sa fille Écrevisse
24%
Notre ___ n'avait que quatre pas à faire Le Lièvre et la Tortue Lièvre
23%
Une ___ était, à la tête légère, qui, lasse de son trou, voulut voir le pays La Tortue et les deux Canards Tortue
20%
De bonheur pour ce ___, qui ne pouvait crier, Près de là passe une Cigogne. Le Loup et la Cigogne Loup
19%
Dame ___ s'en va chanter à leurs oreilles, Et fait cent sottises pareilles Le Coche et la Mouche Mouche
15%
L'un jura foi de Roi, l'autre foi de ___, Qu'ils ne se goberaient leurs petits peu ni prou L'Aigle et le Hibou Hibou
7%
Un ___ témoin de l'affaire, Et plus faible de reins, mais non pas moins glouton, En voulut sur l'heure autant faire. Le Corbeau voulant imiter l'Aigle Corbeau
6%
Aucun quiz correspondant
Distribution des résultats
% des personnes avec chaque résultat
Percentile par nombre de réponses
Votre historique - résultats
Vous n’avez pas pris ce quiz